[Event "44.Semif. C. ITA Magistrale"]
[Site "Salsomaggiore Terme ITA"]
[Date "1984.12.01"]
[Round "8.15"]
[White "Bolsi, Massimo"]
[Black "Gagliardi, Pietro"]
[Result "1/2-1/2"]
[WhiteElo "1999"]
[BlackElo "2058"]
[Annotator "Gabriele Ballarin"]
[PlyCount "86"]
[EventDate "1984.11.24"]
[EventType "swiss"]
[EventRounds "9"]
[EventCountry "ITA"]

1. e4 c6 2. c4 d5 3. exd5 cxd5 4. cxd5 Nf6 5. Nc3 Nxd5 6. Nf3 Nc6 7. Bb5 e6 8. O-O Be7 9. Ne5 Bd7 10. Nxd5 Nxe5 11. Bxd7+ Nxd7 12. Nxe7 Qxe7 13. b3 O-O 14. Bb2 Nf6 15. Qf3 b6 16. Rac1 Rad8 17. Rc2 Rd7 18. Rfc1 Rfd8 19. Bxf6 Qxf6 20. Qxf6 gxf6 21. Rd1 f5 22. Kf1 e5 23. Ke2 f6 24. d3 Kf7 25. g3 e4 26. Rcd2 Ke6 27. Ke3 Rd4 28. dxe4 Rxe4+ 29. Kf3 Rxd2 30. Rxd2 Re5 31. Rd4 Ra5 32. Ra4 Rxa4 33. bxa4 Ke5 34. Ke3 h6 35. h3 h5 36. Kf3 a6 37. Ke3 b5 38. axb5 axb5 39. a3 Kd5 40. Kd3 Ke5 41. f3 f4 42. g4 h4 43. Kc3 Kd5 1/2-1/2

[Event "44.Semif. C. ITA Magistrale"]
[Site "Salsomaggiore Terme ITA"]
[Date "1984.12.01"]
[Round "8.16"]
[White "Pipitone, Antonio"]
[Black "Gasser, Giorgio"]
[Result "1/2-1/2"]
[WhiteElo "2048"]
[BlackElo "2034"]
[Annotator "Gabriele Ballarin"]
[PlyCount "108"]
[EventDate "1984.11.24"]
[EventType "swiss"]
[EventRounds "9"]
[EventCountry "ITA"]

1. e4 e5 2. Nf3 Nc6 3. Bb5 a6 4. Ba4 Nf6 5. O-O b5 6. Bb3 Be7 7. Re1 O-O 8. c3 d5 9. exd5 Nxd5 10. Nxe5 Nxe5 11. Rxe5 c6 12. d4 Bd6 13. Re1 Qh4 14. g3 Qh3 15. Be3 Bg4 16. Qd3 Rae8 17. Qf1 Qh5 18. Nd2 Re6 19. Qg2 Rfe8 20. Nf1 Bf3 21. Bd1 Bxg2 22. Bxh5 Bxf1 23. Kxf1 Nxe3+ 24. Rxe3 Rxe3 25. fxe3 Rxe3 26. Kf2 Re7 27. b4 a5 28. bxa5 Ra7 29. Bf3 c5 30. Re1 cxd4 31. Re8+ Bf8 32. cxd4 Rxa5 33. Bd5 b4 34. Bb3 Ra7 35. Ke3 Re7+ 36. Rxe7 Bxe7 37. Ke4 Kf8 38. Kd5 Ke8 39. Kc6 Bf6 40. d5 Kd8 41. d6 h6 42. Bxf7 Bc3 43. h3 Be1 44. g4 Bg3 45. Kd5 Be1 46. Be6 Bg3 47. Kc5 Be1 48. Kc4 Ke8 49. Kb3 Kd8 50. h4 Ke8 51. Kc4 Kd8 52. g5 hxg5 53. hxg5 Ke8 54. Kc5 Kd8 1/2-1/2

[Event "44.Semif. C. ITA Magistrale"]
[Site "Salsomaggiore Terme ITA"]
[Date "1984.12.01"]
[Round "8.17"]
[White "Luppi, Sergio Guido     "]
[Black "Pecci, Pierluigi"]
[Result "1-0"]
[WhiteElo "1988"]
[BlackElo "2017"]
[Annotator "Gabriele Ballarin"]
[PlyCount "39"]
[EventDate "1984.11.24"]
[EventType "swiss"]
[EventRounds "9"]
[EventCountry "ITA"]

1. Nf3 f5 2. e4 fxe4 3. Ng5 d5 4. d3 Qd6 5. dxe4 h6 6. Nf3 dxe4 7. Nd4 e5 8. Nb5 Qxd1+ 9. Kxd1 Na6 10. Be3 Nf6 11. Bc4 c6 12. N5c3 Bg4+ 13. Kc1 b5 14. Nxb5 O-O-O 15. Nxa7+ Kb7 16. Nxc6 Kxc6 17. Bxa6 Be6 18. a4 Nd5 19. Bb5+ Kb7 20. Nd2 1-0

[Event "44.Semif. C. ITA Magistrale"]
[Site "Salsomaggiore Terme ITA"]
[Date "1984.12.01"]
[Round "8.18"]
[White "Piccardo, Marco"]
[Black "Pienabarca, Nicola"]
[Result "1/2-1/2"]
[WhiteElo "2002"]
[BlackElo "1909"]
[Annotator "Gabriele Ballarin"]
[PlyCount "22"]
[EventDate "1984.11.24"]
[EventType "swiss"]
[EventRounds "9"]
[EventCountry "ITA"]

1. e4 e6 2. d4 d5 3. Nd2 Nf6 4. e5 Nfd7 5. Bd3 c5 6. c3 Nc6 7. Ne2 cxd4 8. cxd4 f6 9. exf6 Nxf6 10. Nf3 Bd6 11. O-O O-O 1/2-1/2

[Event "44.Semif. C. ITA Magistrale"]
[Site "Salsomaggiore Terme ITA"]
[Date "1984.12.01"]
[Round "8.22"]
[White "Mussap, Angelo"]
[Black "Ricca, Roberto"]
[Result "0-1"]
[WhiteElo "1900"]
[BlackElo "1900"]
[Annotator "Gabriele Ballarin"]
[PlyCount "52"]
[EventDate "1984.11.24"]
[EventType "swiss"]
[EventRounds "9"]
[EventCountry "ITA"]

1. e4 e5 2. Nf3 Nc6 3. Bc4 Nf6 4. d3 Be7 5. O-O d6 6. Nc3 Na5 7. Bb3 Nxb3 8. axb3 O-O 9. h3 Re8 10. Be3 Bf8 11. Qd2 Be6 12. Ng5 d5 13. exd5 Nxd5 14. Nxd5 Bxd5 15. c4 Bc6 16. Qe2 h6 17. Ne4 f5 18. Nc3 f4 19. Bd2 Bb4 20. Rad1 f3 21. gxf3 Qh4 22. Kg2 Bxc3 23. bxc3 Rf8 24. Qxe5 Rxf3 25. Qe6+ Kh8 26. Kh2 Rxf2+ 0-1

[Event "44.Semif. C. ITA Magistrale"]
[Site "Salsomaggiore Terme ITA"]
[Date "1984.12.01"]
[Round "8.23"]
[White "Rossi, Gianpiero"]
[Black "Donatelli, Giovanni"]
[Result "1-0"]
[WhiteElo "2014"]
[BlackElo "1900"]
[Annotator "Gabriele Ballarin"]
[PlyCount "85"]
[EventDate "1984.11.24"]
[EventType "swiss"]
[EventRounds "9"]
[EventCountry "ITA"]

1. d4 Nf6 2. c4 e6 3. Nc3 Bb4 4. Qc2 O-O 5. Nf3 d5 6. cxd5 exd5 7. Bg5 Be7 8. e3 Nbd7 9. Bd3 Re8 10. O-O h6 11. Bf4 c6 12. Rfc1 Nh5 13. Nxd5 Nxf4 14. Nxf4 Bd6 15. Ne2 Nf6 16. Ng3 Bg4 17. Nd2 Nd5 18. a3 Qh4 19. Ndf1 Kh8 20. Bc4 f5 21. Bxd5 cxd5 22. Nxf5 Bxf5 23. Qxf5 Rf8 24. g3 Rxf5 25. gxh4 Rh5 26. Rc2 Rf8 27. Rac1 Rf6 28. f4 Rxh4 29. Rc8+ Kh7 30. R1c2 Re6 31. Rd8 Rg4+ 32. Rg2 Rxg2+ 33. Kxg2 a5 34. Rd7 b6 35. Kf3 Kg8 36. Ng3 g6 37. Ne2 g5 38. Nc3 gxf4 39. exf4 Bf8 40. Nxd5 Bg7 41. f5 Re1 42. f6 Rf1+ 43. Kg2 1-0

[Event "44.Semif. C. ITA Magistrale"]
[Site "Salsomaggiore Terme ITA"]
[Date "1984.12.02"]
[Round "9.3"]
[White "Passerotti, Pierluigi"]
[Black "Ventura, Franco"]
[Result "1-0"]
[WhiteElo "2248"]
[BlackElo "2146"]
[Annotator "Gabriele Ballarin"]
[PlyCount "109"]
[EventDate "1984.11.24"]
[EventType "swiss"]
[EventRounds "9"]
[EventCountry "ITA"]
[SourceTitle "OM OTB 201609"]
[Source "Opening Master"]
[SourceDate "2016.09.17"]
[SourceVersion "5"]
[SourceVersionDate "2016.09.17"]
[SourceQuality "1"]

1. c4 e5 2. Nc3 Nc6 3. Nf3 g6 4. d4 exd4 5. Nxd4 Bg7 6. Nc2 d6 7. e4 Be6 8. Be2 Qd7 9. O-O Nf6 10. f3 O-O 11. Nd5 Ne8 12. Nf4 Qe7 13. Rb1 Bd7 14. Nd5 Qd8 15. Be3 Ne7 16. Bg5 f6 17. Bh4 Be6 18. Nd4 Bf7 19. Re1 c6 20. Nxe7+ Qxe7 21. Bf1 Nc7 22. Qa4 Ne6 23. Bf2 Qc7 24. Rbd1 Nxd4 25. Bxd4 b6 26. Bf2 Rfd8 27. Bg3 Bf8 28. Rd2 Rd7 29. Red1 Rad8 30. Qa3 Be7 31. Qe3 Qb7 32. Qf4 Be6 33. Kh1 Kg7 34. Qe3 Bf7 35. Bf4 Kg8 36. b3 Kg7 37. h4 Kg8 38. g3 Bf8 39. Bh3 Re7 40. Rxd6 Rxd6 41. Bxd6 Re8 42. Bxf8 Rxf8 43. Rd7 Qa6 44. Qd2 Qa3 45. h5 a5 46. h6 Re8 47. Qc3 Rf8 48. f4 Be8 49. Be6+ Kh8 50. Bf7 Qc1+ 51. Qxc1 Bxd7 52. Qd1 Rxf7 53. Qd6 Kg8 54. Qb8+ Rf8 55. Qc7 1-0

[Event "44.Semif. C. ITA Magistrale"]
[Site "Salsomaggiore Terme ITA"]
[Date "1984.12.02"]
[Round "9.4"]
[White "Pederzoli, Sergio"]
[Black "Luciani, Carlo"]
[Result "0-1"]
[WhiteElo "1937"]
[BlackElo "2144"]
[Annotator "Gabriele Ballarin"]
[PlyCount "60"]
[EventDate "1984.11.24"]
[EventType "swiss"]
[EventRounds "9"]
[EventCountry "ITA"]

1. e4 e5 2. Nf3 Nc6 3. Bb5 a6 4. Ba4 Nf6 5. O-O Nxe4 6. d4 b5 7. Bb3 d5 8. dxe5 Be6 9. a4 b4 10. a5 Nc5 11. Ng5 Nxb3 12. Nxe6 fxe6 13. cxb3 Qd7 14. Qe2 Nd4 15. Qd3 c5 16. f4 Be7 17. Bd2 Qb5 18. Qh3 O-O 19. Be3 Nf5 20. Bf2 Qe2 21. Ra2 Rab8 22. g4 Nh6 23. g5 Qg4+ 24. Qxg4 Nxg4 25. Be1 Ne3 26. Rf3 Nf5 27. Nd2 Nd4 28. Bg3 Bxg5 29. Rf2 Bxf4 30. Bxf4 Rxf4 0-1

[Event "44.Semif. C. ITA Magistrale"]
[Site "Salsomaggiore Terme ITA"]
[Date "1984.12.02"]
[Round "9.5"]
[White "Palmiotto, Fiorentino"]
[Black "Minarelli, Guido"]
[Result "1/2-1/2"]
[WhiteElo "2067"]
[BlackElo "2102"]
[Annotator "Gabriele Ballarin"]
[PlyCount "120"]
[EventDate "1984.11.24"]
[EventType "swiss"]
[EventRounds "9"]
[EventCountry "ITA"]

1. d4 Nf6 2. Nf3 e6 3. c4 d5 4. cxd5 exd5 5. Nc3 c6 6. Bg5 Be7 7. e3 Nbd7 8. Bd3 Nf8 9. Qc2 Ne6 10. Bh4 g6 11. O-O O-O 12. Rad1 Ng7 13. h3 Bf5 14. Bxf5 Nxf5 15. Bg5 Ne8 16. Bf4 Bd6 17. Ne5 Neg7 18. Qb3 Qe7 19. Rfe1 Ne6 20. Bh2 Nh4 21. Ng4 Bxh2+ 22. Kxh2 Ng5 23. Rh1 h5 24. Ne5 f6 25. Nd3 Ne6 26. Ne2 Qc7+ 27. g3 g5 28. f4 Nf5 29. Nf2 Rae8 30. e4 dxe4 31. Nxe4 Rf7 32. Qf3 Nfg7 33. f5 Nf8 34. Rhe1 Nd7 35. Kg2 Nb6 36. N2c3 Nd5 37. Nxd5 cxd5 38. Nc3 Rxe1 39. Rxe1 Qc4 40. Qxd5 Qxd5+ 41. Nxd5 Nxf5 42. Rf1 Nxd4 43. Nxf6+ Kg7 44. Nxh5+ Kg6 45. Rxf7 Kxf7 46. Kf2 Ne6 47. Ke3 Kg6 48. g4 a5 49. Ke4 Nc5+ 50. Kd4 b6 51. Kc4 a4 52. a3 Kf7 53. Ng3 Ke6 54. Kb5 Ke5 55. Ne2 Nd3 56. Kxa4 Nxb2+ 57. Kb3 Nd3 58. Kc4 Nb2+ 59. Kc3 Nd1+ 60. Kb4 Ke4 1/2-1/2

[Event "44.Semif. C. ITA Magistrale"]
[Site "Salsomaggiore Terme ITA"]
[Date "1984.12.02"]
[Round "9.6"]
[White "Cerchiari, Fulvio Andrea"]
[Black "Lantini, Marco"]
[Result "0-1"]
[WhiteElo "2040"]
[BlackElo "2017"]
[Annotator "Gabriele Ballarin"]
[PlyCount "68"]
[EventDate "1984.11.24"]
[EventType "swiss"]
[EventRounds "9"]
[EventCountry "ITA"]

1. d4 d5 2. Nf3 c6 3. c3 Bf5 4. Bf4 e6 5. Qb3 Qb6 6. Nbd2 Nf6 7. h3 Be7 8. e3 Nbd7 9. g4 Bg6 10. c4 O-O 11. c5 Qa5 12. g5 Ne4 13. a3 e5 14. dxe5 Bxc5 15. Qd1 Bh5 16. Be2 Bxf3 17. Bxf3 Nxd2 18. Qxd2 Qxd2+ 19. Kxd2 Rfe8 20. b4 Bb6 21. e6 fxe6 22. Bg4 Rad8 23. h4 e5 24. Bg3 e4 25. Bh5 g6 26. Be2 Ne5 27. Kc2 c5 28. Rad1 d4 29. Bb5 d3+ 30. Kb3 Re6 31. h5 a6 32. Bxe5 axb5 33. Bf6 c4+ 34. Kc3 Rxf6 0-1

[Event "44.Semif. C. ITA Magistrale"]
[Site "Salsomaggiore Terme ITA"]
[Date "1984.12.02"]
[Round "9.7"]
[White "Bellatalla, Emilio"]
[Black "Drei, Andrea"]
[Result "1-0"]
[WhiteElo "1900"]
[BlackElo "2170"]
[Annotator "Gabriele Ballarin"]
[PlyCount "73"]
[EventDate "1984.11.24"]
[EventType "swiss"]
[EventRounds "9"]
[EventCountry "ITA"]

1. d4 Nf6 2. c4 g6 3. Nc3 Bg7 4. e4 d6 5. f3 O-O 6. Bg5 c5 7. d5 e6 8. Qd2 exd5 9. cxd5 Na6 10. Nge2 Re8 11. Ng3 Nc7 12. Be2 Rb8 13. O-O b5 14. Rae1 b4 15. Nd1 Bf8 16. Qf4 Be7 17. Bh6 Kh8 18. Qc1 Nb5 19. Bxb5 Rxb5 20. b3 Ng8 21. Be3 Ba6 22. Rf2 Bf6 23. Nb2 Ne7 24. Nc4 Nc8 25. f4 Rb8 26. e5 Bg7 27. Ne4 Bxc4 28. bxc4 a5 29. Ng5 Kg8 30. f5 Bxe5 31. fxg6 fxg6 32. Nf7 Qe7 33. Nh6+ Kg7 34. Bg5 Bxh2+ 35. Kxh2 Qxe1 36. Qxe1 Rxe1 37. Rf7+ 1-0

[Event "44.Semif. C. ITA Magistrale"]
[Site "Salsomaggiore Terme ITA"]
[Date "1984.12.02"]
[Round "9.8"]
[White "Paoli, Enrico"]
[Black "Pernisco, Ermanno"]
[Result "1/2-1/2"]
[WhiteElo "2190"]
[BlackElo "2010"]
[Annotator "Gabriele Ballarin"]
[PlyCount "71"]
[EventDate "1984.11.24"]
[EventType "swiss"]
[EventRounds "9"]
[EventCountry "ITA"]

1. e4 c5 2. Nc3 Nc6 3. f4 g6 4. Nf3 Bg7 5. Bc4 d6 6. d3 e6 7. f5 Nf6 8. O-O O-O 9. Bg5 a6 10. a4 Nb4 11. Kh1 Qc7 12. Qd2 Bd7 13. Bh6 exf5 14. exf5 d5 15. Ba2 Bxf5 16. Nh4 Bxh6 17. Qxh6 Qxh2+ 18. Kxh2 Ng4+ 19. Kg3 Nxh6 20. Nxd5 Nxc2 21. Ne7+ Kh8 22. Nexf5 Nxf5+ 23. Nxf5 Nxa1 24. Ne3 Rae8 25. Kf3 Rxe3+ 26. Kxe3 Nc2+ 27. Kd2 Nd4 28. Rxf7 Rxf7 29. Bxf7 Kg7 30. Bd5 b6 31. Ke3 Kf6 32. Ke4 Ne6 33. Bc4 Nc7 34. d4 cxd4 35. Kxd4 g5 36. Ke4 1/2-1/2

[Event "44.Semif. C. ITA Magistrale"]
[Site "Salsomaggiore Terme ITA"]
[Date "1984.12.02"]
[Round "9.9"]
[White "Cordara, Michele"]
[Black "Mantovani, Renzo"]
[Result "0-1"]
[WhiteElo "2143"]
[BlackElo "2146"]
[Annotator "Gabriele Ballarin"]
[PlyCount "56"]
[EventDate "1984.11.24"]
[EventType "swiss"]
[EventRounds "9"]
[EventCountry "ITA"]

1. d4 e6 2. Nf3 Nf6 3. e3 Be7 4. Bd3 O-O 5. Nbd2 d6 6. b3 a5 7. a3 Nbd7 8. O-O Re8 9. Bb2 Bf8 10. c4 e5 11. Qc2 Qe7 12. Ng5 g6 13. f4 Bh6 14. Rae1 Nh5 15. g4 Nhf6 16. Nxf7 Qxf7 17. g5 e4 18. Be2 Bg7 19. gxf6 Nxf6 20. d5 Qe7 21. Rf2 Bf5 22. Nf1 Nd7 23. Bxg7 Qxg7 24. Ng3 Qf6 25. b4 axb4 26. axb4 Ra3 27. Bf1 Qc3 28. Nxf5 Qxe1 0-1

[Event "44.Semif. C. ITA Magistrale"]
[Site "Salsomaggiore Terme ITA"]
[Date "1984.12.02"]
[Round "9.12"]
[White "Laco, Giuseppe"]
[Black "Luppi, Sergio Guido     "]
[Result "1/2-1/2"]
[WhiteElo "2146"]
[BlackElo "1988"]
[Annotator "Gabriele Ballarin"]
[PlyCount "83"]
[EventDate "1984.11.24"]
[EventType "swiss"]
[EventRounds "9"]
[EventCountry "ITA"]

1. c4 c5 2. f4 Nc6 3. Nf3 g6 4. g3 Bg7 5. Bg2 e6 6. O-O Nge7 7. Na3 d5 8. d3 O-O 9. e4 a6 10. Qe2 Rb8 11. Be3 d4 12. Bd2 e5 13. Nc2 b5 14. b3 Bd7 15. cxb5 axb5 16. b4 cxb4 17. fxe5 Bg4 18. h3 Bxf3 19. Bxf3 Nxe5 20. Bg2 N7c6 21. Nxb4 Nxb4 22. Bxb4 Re8 23. Bd2 Qd7 24. g4 Rbc8 25. Bf4 Rc3 26. Rad1 Rec8 27. Rf2 Qc6 28. g5 b4 29. Bf1 Qb5 30. Kg2 Ra8 31. h4 Qd7 32. Bxe5 Bxe5 33. Qf3 Qe6 34. Rdd2 Rca3 35. Qe2 Bc7 36. Kh1 Qd6 37. Rf3 Qe5 38. Qf2 Rf8 39. Rb2 Bd6 40. Be2 Rc3 41. Bf1 Qc5 42. Qg2 1/2-1/2

[Event "44.Semif. C. ITA Magistrale"]
[Site "Salsomaggiore Terme ITA"]
[Date "1984.12.02"]
[Round "9.13"]
[White "Amovilli, Mauro"]
[Black "Rupeni, Franco"]
[Result "1/2-1/2"]
[WhiteElo "2082"]
[BlackElo "2201"]
[Annotator "Gabriele Ballarin"]
[PlyCount "21"]
[EventDate "1984.11.24"]
[EventType "swiss"]
[EventRounds "9"]
[EventCountry "ITA"]

1. d4 Nf6 2. Nc3 d5 3. Bg5 Nbd7 4. f3 c5 5. dxc5 e6 6. e4 dxe4 7. fxe4 Qa5 8. Bxf6 Nxf6 9. Bb5+ Bd7 10. Bxd7+ Nxd7 11. Qd4 1/2-1/2

[Event "44.Semif. C. ITA Magistrale"]
[Site "Salsomaggiore Terme ITA"]
[Date "1984.12.02"]
[Round "9.14"]
[White "Iudicello, Marco"]
[Black "Gagliardi, Pietro"]
[Result "1/2-1/2"]
[WhiteElo "1973"]
[BlackElo "2058"]
[Annotator "Gabriele Ballarin"]
[PlyCount "45"]
[EventDate "1984.11.24"]
[EventType "swiss"]
[EventRounds "9"]
[EventCountry "ITA"]

1. e4 c6 2. d4 d5 3. exd5 cxd5 4. c4 Nf6 5. Nc3 g6 6. c5 Bg7 7. Nf3 O-O 8. Bb5 Ne4 9. O-O Bg4 10. h3 Nxc3 11. bxc3 Bf5 12. Bf4 f6 13. Re1 Nc6 14. Qa4 Qd7 15. Re3 g5 16. Bh2 h5 17. Rae1 e6 18. Bd6 Rf7 19. c4 Bf8 20. cxd5 exd5 21. Bh2 Re7 22. Qb3 Rae8 23. Rxe7 1/2-1/2

[Event "44.Semif. C. ITA Magistrale"]
[Site "Salsomaggiore Terme ITA"]
[Date "1984.12.02"]
[Round "9.15"]
[White "Colombo, Paolo"]
[Black "Bolsi, Massimo"]
[Result "0-1"]
[WhiteElo "2022"]
[BlackElo "1999"]
[Annotator "Gabriele Ballarin"]
[PlyCount "66"]
[EventDate "1984.11.24"]
[EventType "swiss"]
[EventRounds "9"]
[EventCountry "ITA"]

1. d4 Nf6 2. c4 e6 3. Nc3 Bb4 4. e3 O-O 5. Bd3 d5 6. Nf3 c5 7. O-O cxd4 8. exd4 dxc4 9. Bxc4 b6 10. Qe2 Bb7 11. Rd1 Bxc3 12. bxc3 Nbd7 13. Bg5 Qc7 14. Ne5 Nxe5 15. dxe5 Ne4 16. Bd2 Rfd8 17. Bd3 Nxd2 18. Rxd2 Qxc3 19. Rad1 g6 20. Bxg6 Rxd2 21. Bxf7+ Kxf7 22. Rxd2 Be4 23. f3 Bg6 24. Rd7+ Kg8 25. h3 Rc8 26. Kh2 Qb4 27. Qe3 Rf8 28. g3 Rc8 29. h4 Rc2+ 30. Kh3 Qb5 31. Rd8+ Kg7 32. Rd1 Qe2 33. Rd7+ Kg8 0-1

[Event "44.Semif. C. ITA Magistrale"]
[Site "Salsomaggiore Terme ITA"]
[Date "1984.12.02"]
[Round "9.16"]
[White "Magrin, Antonio"]
[Black "Pipitone, Antonio"]
[Result "0-1"]
[WhiteElo "2116"]
[BlackElo "2048"]
[Annotator "Gabriele Ballarin"]
[PlyCount "98"]
[EventDate "1984.11.24"]
[EventType "swiss"]
[EventRounds "9"]
[EventCountry "ITA"]

1. d4 Nf6 2. Nf3 e6 3. Bf4 c5 4. e3 Nc6 5. c3 d5 6. Nbd2 a6 7. Bd3 Be7 8. h3 h6 9. Ne5 Nxe5 10. dxe5 Nd7 11. g4 Qc7 12. Nf3 b5 13. Rc1 Bb7 14. h4 O-O-O 15. h5 c4 16. Bb1 Bc5 17. Rh3 Rhg8 18. Ke2 f6 19. exf6 e5 20. Bh2 gxf6 21. Bf5 Bd6 22. Nh4 Rde8 23. Bg6 Rd8 24. Nf5 Bf8 25. b4 Qc6 26. f3 Qe6 27. a4 Qc6 28. Ra1 Nb6 29. axb5 axb5 30. Qc2 Na4 31. Rd1 Rh8 32. Bg1 Kb8 33. e4 d4 34. cxd4 Bxb4 35. d5 Qa6 36. f4 Qa5 37. fxe5 fxe5 38. Bh2 Nc3+ 39. Kf1 Nxd1 40. Bxe5+ Ka7 41. Bxh8 Rxh8 42. Qxd1 Bc5 43. Nd4 Qa2 44. Ne2 Rf8+ 45. Bf5 b4 46. Rf3 c3 47. d6 Ba6 48. d7 c2 49. Qe1 Qb1 0-1

[Event "44.Semif. C. ITA Magistrale"]
[Site "Salsomaggiore Terme ITA"]
[Date "1984.12.02"]
[Round "9.18"]
[White "Accorsini, Cesare"]
[Black "Ricca, Roberto"]
[Result "1/2-1/2"]
[WhiteElo "2035"]
[BlackElo "1900"]
[Annotator "Gabriele Ballarin"]
[PlyCount "42"]
[EventDate "1984.11.24"]
[EventType "swiss"]
[EventRounds "9"]
[EventCountry "ITA"]

1. Nf3 c5 2. c4 g6 3. g3 Bg7 4. Bg2 e5 5. Nc3 Ne7 6. d3 Nbc6 7. O-O O-O 8. Be3 d6 9. Qd2 Nf5 10. Ne1 Nxe3 11. fxe3 Rb8 12. e4 f5 13. Nc2 h5 14. exf5 gxf5 15. e4 f4 16. gxf4 exf4 17. Rxf4 Rxf4 18. Qxf4 Be5 19. Qh6 Qh4 20. Qg6+ Kh8 21. Qh6+ Kg8 1/2-1/2

[Event "44.Semif. C. ITA Magistrale"]
[Site "Salsomaggiore Terme ITA"]
[Date "1984.12.02"]
[Round "9.19"]
[White "Bonugli, Carlo"]
[Black "Ruggeri, Pietro"]
[Result "0-1"]
[WhiteElo "1921"]
[BlackElo "1900"]
[Annotator "Gabriele Ballarin"]
[PlyCount "144"]
[EventDate "1984.11.24"]
[EventType "swiss"]
[EventRounds "9"]
[EventCountry "ITA"]

1. e4 e5 2. Nf3 Nf6 3. Nxe5 d6 4. Nf3 Nxe4 5. d4 Be7 6. Bd3 Nf6 7. O-O O-O 8. Re1 Re8 9. h3 c6 10. Bf4 a6 11. a4 a5 12. Nbd2 Nd5 13. Bg3 Nd7 14. Ne4 Nf8 15. Qd2 Be6 16. Nc3 Nb4 17. Bf1 Bf5 18. Rac1 Ne6 19. Nd1 h6 20. Ne3 Be4 21. Be2 Ng5 22. Nh2 Bg6 23. Bf3 Nxf3+ 24. Nxf3 Be4 25. Nc4 Bxf3 26. gxf3 Nd5 27. Rcd1 Qd7 28. Kh2 b6 29. c3 b5 30. axb5 cxb5 31. Ne3 Bg5 32. Qd3 Nf4 33. Qf5 Qxf5 34. Nxf5 Rxe1 35. Rxe1 Nd3 36. Re2 b4 37. Nxd6 Nc1 38. Re1 Nd3 39. Ra1 b3 40. Nc4 a4 41. Bd6 Bc1 42. Ba3 Rc8 43. Nb6 Re8 44. Nxa4 Re2 45. Nc5 Bxb2 46. Bxb2 Nxc5 47. dxc5 Rxf2+ 48. Kg3 Rxb2 49. c6 Re2 50. Ra8+ Kh7 51. c7 b2 52. Rb8 Re8 53. Rxb2 Rc8 54. Rb7 Kg6 55. Kf4 Kf6 56. Rb6+ Ke7 57. Rc6 Kd7 58. Rc4 Rxc7 59. Rxc7+ Kxc7 60. Ke5 Kc6 61. f4 Kc5 62. f5 Kc4 63. f6 g5 64. Kf5 Kxc3 65. Kg4 Kd4 66. Kh5 Ke5 67. Kxh6 Kxf6 68. Kh5 Kf5 69. Kh6 Kf4 70. Kh5 f5 71. h4 g4 72. Kg6 g3 0-1

[Event "44.Semif. C. ITA Magistrale"]
[Site "Salsomaggiore Terme ITA"]
[Date "1984.12.02"]
[Round "9.21"]
[White "Pienabarca, Nicola"]
[Black "Valguarnera, Girolamo"]
[Result "1-0"]
[WhiteElo "1909"]
[BlackElo "1999"]
[Annotator "Gabriele Ballarin"]
[PlyCount "67"]
[EventDate "1984.11.24"]
[EventType "swiss"]
[EventRounds "9"]
[EventCountry "ITA"]

1. e4 d5 2. e5 Bf5 3. d4 e6 4. Nf3 Nd7 5. g3 f6 6. Bg2 fxe5 7. dxe5 Bc5 8. O-O Ne7 9. Nbd2 O-O 10. Nb3 Bb6 11. Qe2 c5 12. c3 c4 13. Nbd4 Bd3 14. Qd2 Bxf1 15. Nxe6 Qe8 16. Kxf1 Rf7 17. Neg5 Rf8 18. Ne6 Rf5 19. g4 Rf7 20. Neg5 Rf8 21. Ne6 Qg6 22. Nxf8 Rxf8 23. h3 Qe4 24. Nd4 Qxe5 25. Qg5 Bxd4 26. cxd4 Qxd4 27. Be3 Qd3+ 28. Ke1 Nf6 29. Rd1 Qc2 30. Qe5 Re8 31. g5 Nf5 32. Bxd5+ Kf8 33. Bc5+ Ne7 34. gxf6 1-0

[Event "44.Semif. C. ITA Magistrale"]
[Site "Salsomaggiore Terme ITA"]
[Date "1984.12.02"]
[Round "9.22"]
[White "Pecci, Pierluigi"]
[Black "Mussap, Angelo"]
[Result "0-1"]
[WhiteElo "2017"]
[BlackElo "1900"]
[Annotator "Gabriele Ballarin"]
[PlyCount "150"]
[EventDate "1984.11.24"]
[EventType "swiss"]
[EventRounds "9"]
[EventCountry "ITA"]

1. c4 f5 2. Nc3 Nf6 3. g3 e5 4. d3 Bb4 5. Bg2 O-O 6. e3 Nc6 7. Nge2 Ne7 8. a3 Bxc3+ 9. bxc3 c6 10. O-O d6 11. Rb1 Qc7 12. Qb3 Kh8 13. a4 b6 14. Rd1 Be6 15. d4 e4 16. Nf4 Bf7 17. d5 cxd5 18. cxd5 Rfc8 19. Bb2 Qc4 20. Qa3 Nexd5 21. Bf1 Qc5 22. Nxd5 Bxd5 23. c4 Qxa3 24. Bxa3 Bxc4 25. Rxd6 Bxf1 26. Kxf1 Rd8 27. Re6 Rd7 28. Bb2 Ng4 29. h3 Nh2+ 30. Kg2 Nf3 31. Bc3 Kg8 32. a5 Rc8 33. axb6 Kf7 34. b7 Rb8 35. Ra6 Rdxb7 36. Rxb7+ Rxb7 37. g4 Rc7 38. Ba1 g6 39. Kg3 fxg4 40. hxg4 g5 41. Rf6+ Ke8 42. Re6+ Re7 43. Ra6 Kf7 44. Rf6+ Ke8 45. Bc3 Rb7 46. Ra6 Kf8 47. Re6 Ng1 48. Ba5 Rb5 49. Bd8 Ne2+ 50. Kg2 Nc3 51. Ra6 Rd5 52. Bf6 Nb5 53. Ra4 Kf7 54. Bh8 Rd8 55. Be5 Ke6 56. Bg7 Kd5 57. Bd4 Rd7 58. Kg3 Rf7 59. Bb2 Rc7 60. Bf6 h6 61. Ra6 Rc6 62. Rxc6 Kxc6 63. Bg7 Nc7 64. Bxh6 Ne6 65. Bxg5 Nxg5 66. Kf4 a5 67. Kxg5 a4 68. Kh6 a3 69. g5 a2 70. g6 a1=Q 71. g7 Qf6+ 72. Kh7 Qf7 73. Kh8 Qh5+ 74. Kg8 Kd7 75. Kf8 Qe8# 0-1

[Event "44.Semif. C. ITA Magistrale"]
[Site "Salsomaggiore Terme ITA"]
[Date "1984.12.02"]
[Round "9.23"]
[White "Rossi, Gianpiero"]
[Black "Rodella, Franco"]
[Result "1-0"]
[WhiteElo "2014"]
[BlackElo "1910"]
[Annotator "Gabriele Ballarin"]
[PlyCount "117"]
[EventDate "1984.11.24"]
[EventType "swiss"]
[EventRounds "9"]
[EventCountry "ITA"]

1. d4 Nf6 2. c4 g6 3. g3 Bg7 4. Bg2 O-O 5. Nc3 d6 6. Nf3 Nbd7 7. O-O e5 8. Qc2 c6 9. Rd1 Qa5 10. d5 c5 11. e4 a6 12. Bd2 Qd8 13. Ne1 Nh5 14. Nd3 f5 15. f3 Qe8 16. a3 Qf7 17. b4 b6 18. Rab1 Nhf6 19. bxc5 bxc5 20. Qa4 Rb8 21. Qc6 Qe7 22. Bh3 Rxb1 23. Rxb1 Kh8 24. Bg2 h6 25. Na4 fxe4 26. fxe4 Kh7 27. Nb6 Nxb6 28. Rxb6 Rd8 29. Rb8 Qd7 30. Qb6 Rf8 31. Nf2 Qa4 32. Qb3 Qd7 33. Bh3 Qc7 34. Rxc8 Rxc8 35. Bxc8 Qxc8 36. Qb6 Ne8 37. Ba5 h5 38. Qd8 Qxd8 39. Bxd8 Bh6 40. Nd1 Bd2 41. Kf2 Kg7 42. Ke2 Bc1 43. a4 Kf7 44. Kd3 Ng7 45. Kc2 Ba3 46. Ba5 Ke7 47. Bd2 Bb4 48. Bxb4 cxb4 49. a5 Ne8 50. Kb3 Nf6 51. Nf2 Nd7 52. Kxb4 Kf6 53. Nd3 Ke7 54. c5 Nf6 55. cxd6+ Kxd6 56. Nc5 Nxd5+ 57. exd5 Kxd5 58. Nxa6 Kd4 59. Nc5 1-0

[Event "45.C.to Italiano"]
[Site "Chianciano Terme ITA"]
[Date "1985.10.12"]
[Round "1.2"]
[White "Zichichi, Alvise"]
[Black "Passerotti, Pierluigi"]
[Result "1/2-1/2"]
[WhiteElo "2390"]
[BlackElo "2295"]
[Annotator "Gabriele Ballarin"]
[PlyCount "26"]
[EventDate "1985.10.12"]
[EventType "tourn"]
[EventRounds "13"]
[EventCountry "ITA"]
[EventCategory "2"]

1. d4 Nf6 2. Nf3 c5 3. e3 b6 4. Bd3 e6 5. O-O Bb7 6. c4 Be7 7. Nc3 d6 8. b3 O-O 9. Bb2 cxd4 10. Nxd4 Nc6 11. Nxc6 Bxc6 12. Qe2 a6 13. Rac1 Ra7 1/2-1/2